000 00304nam a22001337a 4500
020 _a9695100813
040 _cNust
082 _a891.4393
_bHAM
100 _aA Hameed
_99242
245 _aJihad e Mission
260 _aLahore;
_bMaqbool Academy,
_c2000.
650 _2Jihad e Mission
942 _2ddc
_cBK
999 _c610857
_d610857